Missing Word: '70s Disney Quiz Stats

 Plays Quiz Updated Aug 12, 2015

Challenge
Share
Tweet
Embed
Score 0/20 Timer 04:00
1 Play Today
Disney Feature Word % Correct
_____ HoodRobin
97.9%
The Many Adventures of _____ the PoohWinnie
96%
The Million _____ DuckDollar
93.9%
Freaky _____Friday
93.6%
Now You _____ Him, Now You Don'tSee
93.6%
The Cat from _____ SpaceOuter
92.1%
Herbie Goes to _____ CarloMonte
89.4%
No Deposit, _____ ReturnNo
88%
The Strongest _____ in the WorldMan
84.7%
_____ and BroomsticksBedknobs
84.1%
Disney Feature Word % Correct
Herbie Rides _____Again
83.7%
_____ to Witch MountainEscape
67.7%
The World's _____ AthleteGreatest
65.8%
The _____ Dumpling Gang Apple
65.7%
_____ a Wild PonyRide
58.3%
_____ from Witch MountainReturn
55.4%
_____ DragonPete's
51.2%
Unidentified _____ OddballFlying
50.5%
The Black _____Hole
14%
One of Our _____ Is MissingDinosaurs
9.7%

Today's Daily Dose

You're not logged in!

Compare scores with friends on all Sporcle quizzes.
OR
Log In

You Might Also Like...

Show Comments

Extras

Top Quizzes Today


Score Distribution

Your Account Isn't Verified!

In order to create a playlist on Sporcle, you need to verify the email address you used during registration. Go to your Sporcle Settings to finish the process.

Report this User

Report this user for behavior that violates our Community Guidelines.

Details: